000 00452nam a2200133Ia 4500
008 200226s9999 xx 000 0 und d
020 _a978-1-68251-412-2
245 _aAdvanced database management systems /
260 _aNew York :
_b3G E-Learning
_c2018
300 _aviii , 233 pages :
_bcolor illustration ;
_c24 cm.
500 _aIncludes bibliographical references and index.
650 _aDatabase management.
650 _aInformation technology.
999 _c362977
_d362977